<?xml version="1.0" encoding="UTF-8"?>
<record
    xmlns:xsi="http://www.w3.org/2001/XMLSchema-instance"
    xsi:schemaLocation="http://www.loc.gov/MARC21/slim http://www.loc.gov/standards/marcxml/schema/MARC21slim.xsd"
    xmlns="http://www.loc.gov/MARC21/slim">

  <leader>01119nam a2200277   4500</leader>
  <controlfield tag="005">20241104103432.0</controlfield>
  <controlfield tag="008">eng  </controlfield>
  <datafield tag="020" ind1=" " ind2=" ">
    <subfield code="a">1775846148</subfield>
  </datafield>
  <datafield tag="020" ind1=" " ind2=" ">
    <subfield code="a">9781775846147</subfield>
  </datafield>
  <datafield tag="040" ind1=" " ind2=" ">
    <subfield code="a">RDA</subfield>
    <subfield code="b">eng</subfield>
    <subfield code="c">RDA</subfield>
  </datafield>
  <datafield tag="082" ind1=" " ind2=" ">
    <subfield code="a">968.02 MAIN </subfield>
  </datafield>
  <datafield tag="100" ind1="1" ind2=" ">
    <subfield code="a">Main, Mike,</subfield>
    <subfield code="c">(Management Consultant),</subfield>
    <subfield code="e">author</subfield>
    <subfield code="9">190375</subfield>
  </datafield>
  <datafield tag="245" ind1="1" ind2="0">
    <subfield code="a">Palaces of stone :</subfield>
    <subfield code="b">uncovering ancient southern African kingdoms /</subfield>
    <subfield code="c">Mike Main &amp; Tom Huffman.</subfield>
  </datafield>
  <datafield tag="264" ind1=" " ind2="1">
    <subfield code="a">Century City, South Africa :</subfield>
    <subfield code="b">Struik Travel &amp; Heritage, an imprint of Penguin Random House,</subfield>
    <subfield code="c">2021.</subfield>
  </datafield>
  <datafield tag="300" ind1=" " ind2=" ">
    <subfield code="a">168 pages :</subfield>
    <subfield code="b">color illustrations, color maps ;</subfield>
    <subfield code="c">20 cm</subfield>
  </datafield>
  <datafield tag="336" ind1=" " ind2=" ">
    <subfield code="a">text</subfield>
    <subfield code="b">txt</subfield>
    <subfield code="2">rdacontent</subfield>
  </datafield>
  <datafield tag="337" ind1=" " ind2=" ">
    <subfield code="a">unmediated</subfield>
    <subfield code="b">n</subfield>
    <subfield code="2">rdamedia</subfield>
  </datafield>
  <datafield tag="338" ind1=" " ind2=" ">
    <subfield code="a">volume</subfield>
    <subfield code="b">nc</subfield>
    <subfield code="2">rdacarrier</subfield>
  </datafield>
  <datafield tag="504" ind1=" " ind2=" ">
    <subfield code="a">Includes bibliographical references and index.</subfield>
  </datafield>
  <datafield tag="650" ind1=" " ind2="0">
    <subfield code="a">Stone buildings</subfield>
    <subfield code="z">Africa, Southern</subfield>
    <subfield code="x">History.</subfield>
    <subfield code="9">190376</subfield>
  </datafield>
  <datafield tag="650" ind1=" " ind2="0">
    <subfield code="a">Architecture</subfield>
    <subfield code="z">Africa, Southern</subfield>
    <subfield code="x">History.</subfield>
    <subfield code="9">190377</subfield>
  </datafield>
  <datafield tag="651" ind1=" " ind2="0">
    <subfield code="a">Africa, Southern</subfield>
    <subfield code="x">Civilization</subfield>
    <subfield code="x">History.</subfield>
    <subfield code="9">190378</subfield>
  </datafield>
  <datafield tag="651" ind1=" " ind2="0">
    <subfield code="a">Africa, Southern</subfield>
    <subfield code="x">Antiquities.</subfield>
    <subfield code="9">190379</subfield>
  </datafield>
  <datafield tag="700" ind1="1" ind2=" ">
    <subfield code="a">Huffman, Tom,</subfield>
    <subfield code="c">(Professor),</subfield>
    <subfield code="e">author</subfield>
    <subfield code="9">190380</subfield>
  </datafield>
  <datafield tag="942" ind1=" " ind2=" ">
    <subfield code="2">ddc</subfield>
    <subfield code="c">BOOK</subfield>
    <subfield code="k">968.02 </subfield>
    <subfield code="m">MAIN </subfield>
    <subfield code="w">496</subfield>
    <subfield code="x">Chrisna Calitz</subfield>
    <subfield code="y">496</subfield>
    <subfield code="z">Chrisna Calitz</subfield>
  </datafield>
  <datafield tag="999" ind1=" " ind2=" ">
    <subfield code="c">769826</subfield>
    <subfield code="d">769825</subfield>
  </datafield>
  <datafield tag="952" ind1=" " ind2=" ">
    <subfield code="0">0</subfield>
    <subfield code="1">0</subfield>
    <subfield code="2">ddc</subfield>
    <subfield code="4">0</subfield>
    <subfield code="7">0</subfield>
    <subfield code="a">ERMELL</subfield>
    <subfield code="b">ERMELL</subfield>
    <subfield code="c">Non_Fiction</subfield>
    <subfield code="d">2024-11-04</subfield>
    <subfield code="g">287.50</subfield>
    <subfield code="l">0</subfield>
    <subfield code="o">968.02 MAIN </subfield>
    <subfield code="p">3300302520448</subfield>
    <subfield code="r">2024-11-04</subfield>
    <subfield code="w">2024-11-04</subfield>
    <subfield code="y">BOOK</subfield>
  </datafield>
</record>
